000 00853nam a2200277Ia 4500
003 OSt
005 20221005083704.0
006 a|||||r|||| 00| 0
007 ta
008 221004b |||||||| |||| 00| 0 eng d
020 _a9789380828688 (pbk)
_cINR 399.00
024 _a34516
037 _b869/2017-18, 14/09/2017, Vitasta Publishing Pvt. Ltd.
_cTextual
040 _aCRL
_cCRL
_beng
041 _2eng
_aeng
082 _aV2:3(Q), Q2
100 _aSinha Rakesh Ed.
_9612739
245 0 _aSecular India
_b politics of minorityism
260 _aNew Delhi
_bVitasta India
_c2012
300 _a249p.
_ccm.
650 _a MINORITIES
650 _a SECULARISM
650 _aINDIA - HISTORY
942 _hV2:3(Q), Q2
_cTEXL
_2cc
999 _c991370
_d991370